| 000 | 00779nam a2200181Ia 4500 | ||
|---|---|---|---|
| 008 | 090630s9999 xx 000 0 und d | ||
| 082 | _b7144 | ||
| 100 | _aदेशपांडे स. ह. अनु. वाळिंबे वि. स. | ||
| 245 |
_aसंघातले दिवस. _cदेशपांडे स. ह. अनु. वाळिंबे वि. स. |
||
| 260 |
_bसुपर्ण. _c1983 |
||
| 300 | _a175 | ||
| 600 | _aदेशपांडे स. ह. अनु. वाळिंबे वि. स. | ||
| 630 | _aसंघातले दिवस. | ||
| 655 | _aलघुकथा. | ||
| 700 | _aदेशपांडे स. ह. अनु. वाळिंबे वि. स. | ||
| 730 | _aसंघातले दिवस. | ||
| 942 | _cBOOK | ||
| 999 |
_c259000 _d259000 |
||